Software engineering (Record no. 211213)

000 -LEADER
fixed length control field 01237 a2200169 4500
003 - CONTROL NUMBER IDENTIFIER
control field Nust
005 - DATE AND TIME OF LATEST TRANSACTION
control field 20170207165241.0
020 ## - INTERNATIONAL STANDARD BOOK NUMBER
International Standard Book Number 978-93-325-1885-8
040 ## - CATALOGING SOURCE
Transcribing agency Nust
245 ## - TITLE STATEMENT
Title Software engineering
Remainder of title Ian Sommerville
250 ## - EDITION STATEMENT
Edition statement 9th ed.
260 ## - PUBLICATION, DISTRIBUTION, ETC.
Place of publication, distribution, etc. India
Name of publisher, distributor, etc. Pearson
Date of publication, distribution, etc. 2014
300 ## - PHYSICAL DESCRIPTION
Extent 700p
505 ## - FORMATTED CONTENTS NOTE
Formatted contents note 1.Introduction(page 1)2.Software processes(page 25)3.Agile software development(page 54)4.Requirments engineering(page 81)5.System modeling(page 118)6.Architectural design(page 148)7.Design and implementation(page 177)8.Software testing(page 207)9.Software evolution(page 236)10.Sociotechnical systems(page 264)11.Dependability and security(page 290)12.Dependability and security specification(page 310)13.Dependability engineering(page 342)14.Security engineering(page 367)15.Dependability and security assurance(page 395)16.Software reuse(page424)17.Component based software engineering(page 451)18.Distributed software engineering(page 479)19.Aspect-oriented software engineering(page 508)20.project management(page 533)21.Project planning(page 592)22.Quality management(page 622)23 Configuration management(page 646)24.process improvement (page 646)
538 ## - SYSTEM DETAILS NOTE
System details note Almirah No.44 Shelaf No.1
650 ## - SUBJECT ADDED ENTRY--TOPICAL TERM
Topical term or geographic name entry element Software engineering
942 ## - ADDED ENTRY ELEMENTS (KOHA)
Source of classification or shelving scheme
Koha item type Book
Holdings
Withdrawn status Lost status Source of classification or shelving scheme Damaged status Not for loan Collection code Permanent Location Current Location Date acquired Total Checkouts Full call number Barcode Date last seen Price effective from Koha item type
            Military College of Signals (MCS) Military College of Signals (MCS) 12/12/2016   005.133 SOM MCS37088 12/08/2016 12/12/2016 Book
© 2023 Central Library, National University of Sciences and Technology. All Rights Reserved.